[Event "Oberfranken-ch"]
[Site "Schney"]
[Date "2015.01.05"]
[Round "6"]
[White "Stark, Uwe"]
[Black "Leicht, Gerhard"]
[Result "1-0"]
[WhiteElo "1723"]
[BlackElo "1765"]
[PlyCount "51"]
[EventDate "2015.01.03"]
[EventType "swiss"]
[EventRounds "7"]
[EventCountry "GER"]
[SourceTitle "CBM 164 Extra"]
[Source "ChessBase"]
[SourceDate "2015.03.02"]
[SourceVersion "1"]
[SourceVersionDate "2015.03.02"]
[SourceQuality "1"]

1. d4 d5 2. c4 e6 3. Nc3 Nf6 4. a3 a5 5. Nf3 Be7 6. h3 c5 7. Bf4 Nc6 8. e3 0-0 9. Nb5 Bd7 10. Bc7 Qc8 11. Bb6 cxd4 12. Nfxd4 Ra6 13. c5 Bd8 14. Nd6 Qb8 15. Bxa6 bxa6 16. Bxd8 Rxd8 17. Qb3 Qxb3 18. Nxb3 Ne5 19. Ke2 Rb8 20. Nxa5 Rxb2+ 21. Kf1 Nd3 22. c6 Bxc6 23. Nxc6 Rb6 24. Nb4 Nxb4 25. axb4 Rxd6 26. b5 1-0

[Event "Oberfranken-ch"]
[Site "Schney"]
[Date "2015.01.03"]
[Round "2"]
[White "Hornung, Wolfgang"]
[Black "Stark, Uwe"]
[Result "1-0"]
[WhiteElo "1658"]
[BlackElo "1723"]
[PlyCount "43"]
[EventDate "2015.01.03"]
[EventType "swiss"]
[EventRounds "7"]
[EventCountry "GER"]
[SourceTitle "CBM 164 Extra"]
[Source "ChessBase"]
[SourceDate "2015.03.02"]
[SourceVersion "1"]
[SourceVersionDate "2015.03.02"]
[SourceQuality "1"]

1. e4 c5 2. Nf3 Nc6 3. d4 cxd4 4. c3 dxc3 5. Nxc3 e5 6. Bc4 h6 7. 0-0 Be7 8. Qd5 Qc7 9. Qxf7+ Kd8 10. Nb5 Qa5 11. Be3 a6 12. Nc3 b5 13. Nd5 Rb8 14. Bb3 d6 15. Rac1 Bd7 16. Rfd1 Nf6 17. Nxe7 Nxe7 18. Rxd6 Nxe4 19. Rxd7+ Kxd7 20. Nxe5+ Kd8 21. Rd1+ Kc8 22. Be6+ 1-0

[Event "Oberfranken-ch 1213"]
[Site "Schney"]
[Date "2013.01.06"]
[Round "7"]
[White "Zapf, Gerhard"]
[Black "Stark, Uwe"]
[Result "1/2-1/2"]
[WhiteElo "1565"]
[BlackElo "1526"]
[PlyCount "79"]
[EventDate "2013.01.03"]
[EventType "swiss"]
[EventRounds "7"]
[EventCountry "GER"]
[SourceTitle "EXT 2015"]
[Source "ChessBase"]
[SourceDate "2014.11.20"]
[SourceVersion "1"]
[SourceVersionDate "2014.11.20"]
[SourceQuality "1"]

1. e4 c5 2. Nf3 Nc6 3. d3 d6 4. Be2 Nf6 5. 0-0 e6 6. b3 Be7 7. Bb2 0-0 8. a4 e5 9. Nbd2 Be6 10. c4 a6 11. h3 Qc7 12. Ng5 Bd7 13. Ngf3 Rab8 14. Nh2 Nd4 15. Bxd4 cxd4 16. f4 b5 17. axb5 axb5 18. f5 Rb7 19. Bg4 Rfb8 20. Qe2 Qc6 21. Rfd1 Bd8 22. Nhf1 Bb6 23. Ra2 Bc5 24. Rda1 bxc4 25. bxc4 Rb2 26. Rxb2 Rxb2 27. Rb1 Qb6 28. Qd1 Nxg4 29. Rxb2 Qxb2 30. Qxg4 Qc1 31. Nb3 Qc2 32. Nxc5 dxc5 33. Qg3 f6 34. h4 Qe2 35. Qf3 Qxf3 36. gxf3 Ba4 37. Kf2 Bd1 38. Nd2 Kf7 39. Nf1 g6 40. Ng3 1/2-1/2

[Event "Oberfranken-ch 1213"]
[Site "Schney"]
[Date "2013.01.04"]
[Round "4"]
[White "Andres, Andrei"]
[Black "Stark, Uwe"]
[Result "1-0"]
[WhiteElo "1740"]
[BlackElo "1526"]
[PlyCount "89"]
[EventDate "2013.01.03"]
[EventType "swiss"]
[EventRounds "7"]
[EventCountry "GER"]
[SourceTitle "EXT 2015"]
[Source "ChessBase"]
[SourceDate "2014.11.20"]
[SourceVersion "1"]
[SourceVersionDate "2014.11.20"]
[SourceQuality "1"]

1. d4 Nf6 2. c4 e6 3. Nf3 c5 4. d5 d6 5. Nc3 Be7 6. e4 e5 7. h3 0-0 8. Bd3 a6 9. a4 Nbd7 10. 0-0 Rb8 11. Be3 Nb6 12. Nd2 Bd7 13. f4 exf4 14. Bxf4 Ne8 15. e5 dxe5 16. Bxe5 Bd6 17. Bxd6 Nxd6 18. Qh5 f5 19. a5 Qf6 20. Rf4 Qe5 21. Rh4 Qe3+ 22. Kh1 h6 23. Qe2 Qg3 24. Rh5 Rbe8 25. Qf1 Qg6 26. Rh4 Qg5 27. Nf3 Qe3 28. Re1 Ne4 29. Bxe4 Nxc4 30. Rxe3 Nxe3 31. Qb1 fxe4 32. Rxe4 Bf5 33. Qa2 Bxe4 34. Nxe4 Rxe4 35. d6+ c4 36. d7 Ref4 37. Qa3 Nf1 38. Ne5 Rd4 39. Qc5 Rd1 40. Qxc4+ Kh8 41. Ng6+ Kh7 42. Nxf8+ Kh8 43. Qf4 Ng3+ 44. Kh2 Nf1+ 45. Qxf1 1-0

[Event "Oberfranken-ch 1213"]
[Site "Schney"]
[Date "2013.01.04"]
[Round "3"]
[White "Kuespert, Helmut"]
[Black "Stark, Uwe"]
[Result "1-0"]
[WhiteElo "1843"]
[BlackElo "1526"]
[PlyCount "43"]
[EventDate "2013.01.03"]
[EventType "swiss"]
[EventRounds "7"]
[EventCountry "GER"]
[SourceTitle "EXT 2015"]
[Source "ChessBase"]
[SourceDate "2014.11.20"]
[SourceVersion "1"]
[SourceVersionDate "2014.11.20"]
[SourceQuality "1"]

1. e4 c5 2. b4 b6 3. bxc5 bxc5 4. Nc3 Nc6 5. Rb1 Qc7 6. Nd5 Qa5 7. Rb5 Qd8 8. Rxc5 e6 9. Rc3 exd5 10. exd5 Bb4 11. Re3+ Nce7 12. Qg4 Kf8 13. Qxb4 d6 14. Ba3 Bd7 15. Qxd6 Rb8 16. Rb3 Rxb3 17. axb3 Qe8 18. Nf3 h5 19. Bd3 Rh6 20. Qc5 Nf6 21. 0-0 Nfxd5 22. Qxd5 1-0

[Event "Dresden ZMD op"]
[Site "Dresden"]
[Date "2008.07.20"]
[Round "2"]
[White "Lauridsen, Jesper Morch"]
[Black "Stark, Uwe"]
[Result "1-0"]
[WhiteElo "2262"]
[BlackElo "1888"]
[PlyCount "139"]
[EventDate "2008.07.19"]
[EventType "swiss"]
[EventRounds "9"]
[EventCountry "GER"]
[SourceTitle "CBM 125 Extra"]
[Source "ChessBase"]
[SourceDate "2008.09.01"]
[SourceVersion "1"]
[SourceVersionDate "2008.09.01"]
[SourceQuality "1"]

1. e4 c5 2. Nf3 a6 3. c3 d5 4. exd5 Qxd5 5. d4 e6 6. Be3 cxd4 7. cxd4 Nf6 8. Nc3 Qa5 9. Bd3 Nbd7 10. 0-0 Bd6 11. Nd2 Nd5 12. Nc4 Qc7 13. Nxd6+ Qxd6 14. Ne4 Qe7 15. Bg5 f6 16. Bh4 0-0 17. Re1 Re8 18. Qd2 Nf8 19. Bg3 Rd8 20. Rac1 b6 21. Nc3 Bb7 22. Nxd5 Rxd5 23. Bc7 b5 24. Be4 Qd7 25. Bxd5 Qxd5 26. f3 Ng6 27. Qe3 Re8 28. b3 Qf5 29. Bg3 h5 30. h4 Nf8 31. Qf4 Qg6 32. Kh2 Bd5 33. Qd2 Rd8 34. Rc7 Qf5 35. Qc2 Qxc2 36. Rxc2 a5 37. Rc5 a4 38. Rxb5 axb3 39. axb3 Rc8 40. Bd6 Ng6 41. Kg3 Rc3 42. Rb8+ Kh7 43. b4 Rd3 44. Bc5 Rd2 45. b5 f5 46. b6 Nxh4 47. Kxh4 Rxg2 48. Kh3 Bxf3 49. Re3 Bd5 50. b7 Rb2 51. Ba3 Rb1 52. Bd6 Bxb7 53. Rxe6 Rh1+ 54. Bh2 Bf3 55. Re3 Bg4+ 56. Kg2 Rd1 57. Be5 h4 58. Rb7 Rd2+ 59. Kf1 h3 60. Rxg7+ Kh6 61. Rg8 Kh7 62. Rh8+ Kg6 63. Ra3 Kg5 64. Rg8+ Kh4 65. Bf6+ Kh5 66. Rg5+ Kh6 67. Ra8 Rd1+ 68. Kf2 Rd2+ 69. Ke3 Re2+ 70. Kd3 1-0

[Event "Dresden ZMD op"]
[Site "Dresden"]
[Date "2008.07.19"]
[Round "1"]
[White "Stark, Uwe"]
[Black "Maiwald, Jens Uwe"]
[Result "0-1"]
[WhiteElo "1888"]
[BlackElo "2500"]
[PlyCount "68"]
[EventDate "2008.07.19"]
[EventType "swiss"]
[EventRounds "9"]
[EventCountry "GER"]
[SourceTitle "CBM 125 Extra"]
[Source "ChessBase"]
[SourceDate "2008.09.01"]
[SourceVersion "1"]
[SourceVersionDate "2008.09.01"]
[SourceQuality "1"]

1. e4 c5 2. Nc3 a6 3. g3 b5 4. Bg2 Bb7 5. d3 e6 6. f4 b4 7. Nce2 d5 8. e5 Nc6 9. Nf3 Nh6 10. 0-0 Be7 11. h3 Nf5 12. g4 Nh4 13. Nxh4 Bxh4 14. Be3 Be7 15. Qd2 Qb6 16. Ng3 g6 17. Rad1 a5 18. Bf2 0-0-0 19. a3 Rhe8 20. axb4 axb4 21. Ra1 f6 22. exf6 Bxf6 23. c3 e5 24. g5 Bg7 25. fxe5 Bxe5 26. h4 Qc7 27. Bh3+ Kb8 28. Kh2 d4 29. cxd4 Bf4 30. Qc2 Re3 31. Rg1 Ne5 32. Bg2 Ng4+ 33. Kh1 Nxf2+ 34. Qxf2 Rxg3 0-1

[Event "Leutersdorf Muench Braeu op 12th"]
[Site "Leutersdorf"]
[Date "2007.02.13"]
[Round "5"]
[White "Stark, Uwe"]
[Black "Hermanowicz, Dominika"]
[Result "1/2-1/2"]
[WhiteElo "1530"]
[BlackElo "2079"]
[PlyCount "45"]
[EventDate "2007.02.10"]
[EventType "swiss"]
[EventRounds "7"]
[EventCountry "GER"]
[SourceTitle "EXT 2008"]
[Source "ChessBase"]
[SourceDate "2007.11.25"]
[SourceVersion "1"]
[SourceVersionDate "2007.11.25"]
[SourceQuality "1"]

1. d4 Nf6 2. Nf3 g6 3. g3 Bg7 4. Bg2 0-0 5. 0-0 d6 6. Re1 Nbd7 7. Nbd2 e5 8. dxe5 dxe5 9. e4 b6 10. b3 Bb7 11. Bb2 Re8 12. Rb1 h5 13. h3 b5 14. Nh4 Qe7 15. Qe2 a6 16. Rbd1 Rad8 17. Nf1 Qc5 18. Kh2 Nf8 19. f3 a5 20. Rxd8 Rxd8 21. Rd1 Rxd1 22. Qxd1 Ne6 23. c3 1/2-1/2